Score 0/20 Timer 07:00
4 Plays Today
Description of wedding Sitcom % Correct
The minister, a friend of the couple, can't get off from work and shows up at the wedding just in time in a World War I costume.Friends
59.5%
The bride-to-be dies from licking the envelopes for the wedding
invitations, which were toxic.
Seinfeld
58.1%
The groom wants one last hurrah and goes skydiving on the day of his wedding. He gets caught in a tree and eventually arrested. The bride comes to bail him out of jail.Full House
44.4%
The groom accidentally reveals that the bride is pregnant to her grandmother. One guest injures himself the night before the wedding, and the bride drives him to the hospital.The Office
40.9%
After vandalizing a water tower, the groom faces possible deportation. He quickly marries, which causes the bride's father to have a heart attack.That '70s Show
27.7%
The bride's high school boyfriend shows up and tries to win her back, there are no flowers for the ceremony, and the harpist goes into labor.How I Met Your Mother
20%
The groom is delayed at work, so the wedding starts late. He then goes to the wrong church, missing the wedding entirely. The bride and groom are later married in a hospital.Scrubs
17.9%
The groom proposes in Italy, but is jilted at the altar
when the bride goes back to her ex.
Cheers
11.7%
The groom agrees to put on a fake wedding. He convinces his cousin to play the bride. An actual priest steps in at the last minute and the two are actually married.Arrested Development
9.8%
The bride wakes up on the morning of her wedding with cold feet...literally. She eventually leaves the groom at the altar, riding off on a motorcycle with her ex.Sabrina the Teenage Witch
9.4%
Description of wedding Sitcom % Correct
The groom is stationed overseas, and so his best friend stands in for him. The groom and bride are married over the telephone.Happy Days
7.8%
The bride and groom elope in Reno. They then have to repeat the ceremony multiple times to satisfy all of the members of their families.Frasier
7%
The best man gets in a fight with the groom and quits. The new best man hijacks another wedding. The old best man shows up and gets in a fight with the groom at the ceremony.Boy Meets World
6.3%
The night before, the drunken groom's friends put him in a full body cast, which they leave on for the entire wedding and honeymoon.M*A*S*H
6.2%
The groom's mother begins dating the bride's father, and they announce their engagement. This leads to the original bride and groom calling off their wedding.The Fresh Prince of Bel-Air
5.8%
The groom hires a hard rock band to play the wedding, and the bride runs away in tears. A friend becomes crazed after the bride moves in with her family.The Simpsons
5.7%
The ring falls in a toilet, and the groom reaches in to grab it. His hand gets stuck, and so the wedding takes place in the bathroom.Wings
4.1%
The groom must overcome multiple personality disorder. The bride must pass a series of tests to prove she is chaste. Cultural differences befuddle most of the guests.Taxi
2.8%
The bride's friend tries to discourage her from getting married to a homeless man. The bride insists on marrying him anyway. The groom is arrested at the end of the wedding.Newsradio
1.2%
The bride's brother loses his job and must get a loan from an unsavory neighbor. As the bride and groom exit the ceremony, the groom falls and breaks his leg.Good Times
1.1%

You're not logged in!

Compare scores with friends on all Sporcle quizzes.
OR
Log In

Sporcle TV

Today on Sporcle TV


Watch our educational content, quiz creation guides, and fun videos on Sporcle TV.

Show Comments

Extras

Top Quizzes Today


Score Distribution

Paid Content

Your Account Isn't Verified!

In order to create a playlist on Sporcle, you need to verify the email address you used during registration. Go to your Sporcle Settings to finish the process.

Report this User

Report this user for behavior that violates our Community Guidelines.

Details: